01485nam a2200325 a 4500001001200000003000800012006001900020007001500039008004100054020001800095020001800113040002100131035002100152050002200173245012900195260002800324300001600352490017300368504005300541533015200594650004600746650004300792650004600835655002900881700003200910710001700942830005900959856012601018999001501144ebr10271074CaPaEBRm u cr cn|||||||||090505s2007 ne sb 001 0 eng d z9789004162884 z9789047431688 aCaPaEBRcCaPaEBR a(OCoLC)64678991514aBT26b.T44 2007eb00aTheological quodlibeta in the Middle Agesh[electronic resource] :bthe fourteenth century /cedited by Christopher Schabel. aLeiden :bBrill,c2007. axiv, 791 p.1 aBrill's companions to the Christian tradition : a series of handbooks and reference works on the intellectual and religious life of Europe, 500-1700,x1871-6377 ;vv. 7 aIncludes bibliographical references and indexes. aElectronic reproduction.bPalo Alto, Calif. :cebrary,d2013.nAvailable via World Wide Web.nAccess may be limited to ebrary affiliated libraries. 0aTheologyxHistoryyMiddle Ages, 600-1500. 0aChurch historyyMiddle Ages, 600-1500. 0aReligious disputationsxHistoryyTo 1500. 7aElectronic books.2local1 aSchabel, Christopher David.2 aebrary, Inc. 0aBrill's companions to the Christian tradition ;vv. 7.40uhttp://site.ebrary.com/lib/rucke/Doc?id=10271074zAn electronic book accessible through the World Wide Web; click to view c7196d7196